Fuego y pasión de Mistala

Guardat en:
Dades bibliogràfiques
Autor principal: Serrano Morales, Margarita (Autor)
Format: Llibre
Idioma:espanyol
Publicat: Limache A. G. G 1994
Col·lecció:Canciones en Soledad, 2
Matèries:
Etiquetes: Afegir etiqueta
Sense etiquetes, Sigues el primer a etiquetar aquest registre!

MARC

LEADER 00000nam a2200000 a 4500
001 UCQ0173
003 CL-VaPUC
008 980627e19940000CL |||||||||||||||||spa|d
082 0 4 |a Ch861  |b SER  |2 21 
100 0 |a Serrano Morales, Margarita  |e author  |9 413219 
245 1 0 |a Fuego y pasión de Mistala 
300 |a 76 p 
942 |c BK 
945 |d 19980627 00:00:00  |a cmena 
260 |a Limache  |b A. G. G  |c 1994 
650 0 |a Poesías chilenas   |9 265280 
650 0 |a Literatura chilena   |9 308278 
651 0 |a Limache   |9 364999 
651 7 |a OLMUE  |2 CL-VaPUC  |9 365000 
583 |a last modification  |c 19980627 00:00:00  |k Rodrigo Vera 
490 0 |a Canciones en Soledad, 2 
999 |c 271312  |d 271310 
952 |0 0  |1 0  |4 0  |6 CH_861_000000000000000_SER_1994  |7 0  |8 A  |9 305928  |a BIBEDU  |b BIBEDU  |d 2019-11-20  |i 1422618  |o Ch861 SER 1994  |p 1422618  |r 2019-11-20  |w 2019-11-20  |y BK  |k LIT 
952 |0 0  |1 0  |4 0  |6 CH_861_000000000000000_SER_1994  |7 0  |8 X  |9 305929  |a FDOBUD  |b FDOBUD  |d 2019-11-20  |i 1072625  |o Ch861 SER 1994  |p 1072625  |r 2019-11-20  |w 2019-11-20  |y BK_X  |k BUD